000 00600nam a2200169Ia 4500
008 220216s9999 xx 000 0 und d
100 _aSoman T.A.
245 0 _aPropagation technique of rubber for a warmer and drier climate
260 _bInternational Workshop on Climate Change and Rubber Cultivation: R & D Priorities, 28-30 July 2010, Rubber Research Institute of India, Kottayam, pp. 29-31
_c2010
650 _aClimate change
650 _aPropagation technique
650 _aRoot trainer planting
700 _aJacob J.
700 _aMydin K.K.
700 _aSuryakumar M.
942 _cJS
999 _c65960
_d65960